000 00750nam a2200193Ia 4500
003 GCL
005 20240530105318.0
008 140319s9999 xx 000 0 ara d
040 _aGCL /
_cGCL
082 0 4 _a220
_bج ا
100 1 _aالقاضى ابى بكر الباقلانى
245 1 0 _aالاتفاق فى علوم القران : وبالهامش اعجاز القران /
_cالقاضى ابى بكر الباقلانى
260 _a[S.N] :
_bدار الندوة الجديدة
300 _a208 ص
650 0 4 _aالقران
650 0 4 _aالقران - اداب التلاوة
700 1 _aالسيوطى : جلال الدين ابوالفضل عبدالرحمن بن ابى بكر بن محمد الخضيرى
942 _2ddc
_cBK
999 _c54819
_d54819